[Event "ODJM B 2018"]
[Site "Willingen GER"]
[Date "2018.05.25"]
[Round "8"]
[White "Pflugradt, Natalie"]
[Black "Kistner, Sinan"]
[Result "1/2-1/2"]
[Termination "normal"]
[Board "49"]
[WhiteElo "1431"]
[BlackElo "1552"]
[PlyCount "64"]
[WhiteFideId "16212444"]
[BlackFideId "16219643"]
[EventCountry "GER"]
[EventRounds "9"]
[EventType "swiss"]
[EventDate "2018.05.19"]

1. e4 c6 2. d4 d5 3. exd5 cxd5 4. Bd3 Nc6 5. c3 Nf6 6. Bf4 e6 7. Nf3 Bd6 8. Bg3
Bxg3 9. hxg3 Qc7 10. Nbd2 Bd7 11. Qe2 h6 12. Bb5 a6 13. Bxc6 Bxc6 14. Ne5 Nd7
15. Ndf3 Bb5 16. Qc2 Rc8 17. Nxd7 Qxd7 18. Ne5 Qe7 19. Qd2 Qf6 20. Qf4 Qxf4 21.
gxf4 Rg8 22. Kd2 f6 {(=)} 23. Nf3 Kf7 24. g4 Rh8 25. Rag1 g5 26. fxg5 hxg5 27.
Re1 Rce8 28. Rh2 Rxh2 29. Nxh2 Rh8 30. Nf3 Rh3 31. Re3 Rh1 32. Re1 Rh3 1/2-1/2

[Event "ODJM B 2018"]
[Site "Willingen GER"]
[Date "2018.05.25"]
[Round "8"]
[White "Kieselbach, Marvin"]
[Black "Reuter, Max"]
[Result "0-1"]
[Termination "normal"]
[Board "51"]
[WhiteElo "1440"]
[BlackElo "1518"]
[PlyCount "54"]
[WhiteFideId "16235770"]
[BlackFideId "16263715"]
[EventCountry "GER"]
[EventRounds "9"]
[EventType "swiss"]
[EventDate "2018.05.19"]

1. d4 d5 2. e3 c5 3. dxc5 e5 4. b3 Bxc5 5. Bb2 Nc6 6. Bb5 Qa5+ 7. Nc3 d4 8.
Bxc6+ bxc6 9. exd4 exd4 10. Qf3 Ne7 11. O-O-O dxc3 12. Bxc3 Ba3+ 13. Kb1 Qg5
14. Nh3 Bxh3 15. gxh3 Qf5 16. Qd3 Qxd3 17. Rxd3 f6 18. Re1 Kf7 19. Rd7 Rhd8 20.
Rb7 Kf8 21. b4 Nd5 22. Bd2 Rab8 23. Rxa7 Nxb4 24. Bf4 Nd3+ 25. Bxb8 Rxb8+ 26.
Ka1 Bb2+ 27. Kb1 Bd4+ 0-1

[Event "ODJM B 2018"]
[Site "Willingen GER"]
[Date "2018.05.25"]
[Round "8"]
[White "Schulze, Lukas"]
[Black "Trams, Emma Joe"]
[Result "0-1"]
[Termination "normal"]
[Board "52"]
[WhiteElo "1502"]
[BlackElo "1359"]
[PlyCount "106"]
[WhiteFideId "12956856"]
[BlackFideId "16206517"]
[EventCountry "GER"]
[EventRounds "9"]
[EventType "swiss"]
[EventDate "2018.05.19"]

1. Nf3 Nc6 2. d4 d5 3. c4 e6 4. g3 Nf6 5. Bg2 Bb4+ 6. Bd2 Bxd2+ 7. Nbxd2 O-O 8.
O-O b6 9. Qc2 Bb7 10. Rfd1 Rb8 11. e4 Ne7 12. e5 Nd7 13. Rac1 c5 14. Nb3 dxc4
15. Qxc4 Bd5 16. Qc3 cxd4 17. Rxd4 Rc8 18. Qe3 Nf5 19. Qd3 Nxd4 20. Qxd4 Bxb3
21. Rxc8 Qxc8 22. axb3 Rd8 23. Qf4 h6 24. h3 Nc5 25. Nd4 Nd3 26. Qe4 Nxb2 27.
Nc6 Rd7 28. Qb4 Qe8 29. Nd4 Qd8 30. Nc6 Qc7 31. Qe4 Nd3 32. Ne7+ Rxe7 33. Qxd3
Rd7 34. Qe4 Rd8 35. h4 Qc1+ 36. Kh2 Qd2 37. Qf3 Qd3 38. Qc6 Qd7 39. Qf3 Qd5 40.
Qe3 Qd3 41. Qc1 Qxb3 42. Qc7 Qd3 43. Qxa7 b5 44. Qb7 Qc4 45. Bc6 b4 46. Bb5 Qd4
47. Kg1 b3 48. Bf1 b2 49. Qb3 Qxe5 50. Qc2 Qd4 51. Kg2 Qd2 52. Qb1 Qc1 53. Qxc1
bxc1=Q 0-1

[Event "ODJM B 2018"]
[Site "Willingen GER"]
[Date "2018.05.25"]
[Round "8"]
[White "Ljuca, Rijad"]
[Black "Chlechowitz, Maximilian"]
[Result "0-1"]
[Termination "normal"]
[Board "53"]
[WhiteElo "1441"]
[BlackElo "1622"]
[PlyCount "55"]
[WhiteFideId "16216121"]
[BlackFideId "16222571"]
[EventCountry "GER"]
[EventRounds "9"]
[EventType "swiss"]
[EventDate "2018.05.19"]

1. e4 d6 2. d4 Nf6 3. Nc3 e5 4. f4 Nbd7 5. Nf3 exd4 6. Qxd4 Be7 7. Bc4 O-O 8.
Bd2 Nc5 9. b4 Ne6 10. Bxe6 Bxe6 11. O-O c5 12. bxc5 dxc5 13. Qxd8 Raxd8 14. Be3
b6 15. Rad1 Bc8 16. Rxd8 Rxd8 17. Rd1 Rxd1+ 18. Nxd1 Nxe4 19. Nd2 Nxd2 20. Bxd2
f6 21. Ne3 Be6 22. a4 Kf8 23. Kf2 h5 24. Kf3 Bd8 25. Ke4 Bd7 26. a5 bxa5 27.
Kd5 Bb6 28. Nc4 0-1

[Event "ODJM B 2018"]
[Site "Willingen GER"]
[Date "2018.05.25"]
[Round "8"]
[White "Silber, Stefanie"]
[Black "Hagenbeck-Hübert, Jan"]
[Result "1/2-1/2"]
[Termination "normal"]
[Board "54"]
[WhiteElo "1685"]
[BlackElo "1493"]
[PlyCount "119"]
[WhiteFideId "12918245"]
[BlackFideId "16259505"]
[EventCountry "GER"]
[EventRounds "9"]
[EventType "swiss"]
[EventDate "2018.05.19"]

1. e4 e5 2. Nf3 Nc6 3. Bc4 Nf6 4. d3 Be7 5. O-O O-O 6. c3 Re8 7. Qb3 Rf8 8. Qc2
a6 9. a4 d5 10. exd5 Nxd5 11. Re1 Bf6 12. d4 exd4 13. Nxd4 Nxd4 14. cxd4 Ne7
15. Be3 Nf5 16. d5 Re8 17. Nc3 Nxe3 18. Rxe3 Rxe3 19. fxe3 Qe7 20. Qf2 Bg4 21.
Qf4 Bh5 22. g4 Bg5 23. Qf3 Qxe3+ 24. Kg2 Qxf3+ 25. Kxf3 Bg6 26. Ne4 Bxe4+ 27.
Kxe4 Re8+ 28. Kd4 Bf6+ 29. Kd3 h6 30. h3 Kf8 31. Rd1 Rd8 32. b4 Rd6 33. Ke4 Rd8
34. b5 a5 35. Rb1 b6 36. Bb3 Re8+ 37. Kd3 Be5 38. Rf1 Bd6 39. h4 Re5 40. Kd4
Re2 41. Bd1 Rg2 42. Ke4 Kg8 43. Kf5 Kh7 44. h5 Rg3 45. Ke4 Kg8 46. Re1 g6 47.
hxg6 fxg6 48. Bf3 Kg7 49. Rh1 Bc5 50. Rf1 Rh3 51. Rh1 Rxh1 52. Bxh1 Kf6 53. Kf3
Ke5 54. Kg3 Kf6 55. Bf3 Kg5 56. Be2 Kf6 57. Bf3 Ke5 58. Kh3 Kf4 59. Kg2 Bd6 60.
Bd1 1/2-1/2

[Event "ODJM B 2018"]
[Site "Willingen GER"]
[Date "2018.05.25"]
[Round "8"]
[White "Lorenz, Keana"]
[Black "Hövert, Kai"]
[Result "0-1"]
[Termination "normal"]
[Board "55"]
[WhiteElo "1439"]
[BlackElo "1471"]
[PlyCount "130"]
[WhiteFideId "12990248"]
[BlackFideId "16266056"]
[EventCountry "GER"]
[EventRounds "9"]
[EventType "swiss"]
[EventDate "2018.05.19"]

1. e4 c5 2. Ne2 d6 3. g3 Nc6 4. Bg2 g6 5. O-O Bg7 6. c3 Nf6 7. d4 cxd4 8. cxd4
O-O 9. Nbc3 Bd7 10. d5 Nb4 11. a3 Na6 12. f4 Ne8 13. f5 Nf6 14. Be3 Ng4 15. Bd2
Qb6+ 16. Kh1 Nf2+ 17. Rxf2 Qxf2 18. Qc1 Nc5 19. Qc2 Ba4 20. Nxa4 Nxa4 21. Be1
Qe3 22. Nf4 Nc5 23. Bf2 Qb3 24. Qe2 Qxb2 25. Qxb2 Bxb2 26. Rb1 Bxa3 27. h4 Rfb8
28. g4 b6 29. Bd4 Nd7 30. Nd3 Bc5 31. Bc3 Rc8 32. e5 dxe5 33. d6 exd6 34. Bxa8
Rxa8 35. Rd1 Rd8 36. Nxc5 Nxc5 37. Bxe5 d5 38. fxg6 fxg6 39. Bf6 Rd7 40. h5 Ne4
41. Bd4 gxh5 42. gxh5 Ng3+ 43. Kh2 Nxh5 44. Rg1+ Ng7 45. Rg5 b5 46. Bxg7 Rxg7
47. Rxd5 a6 48. Rd6 Rg6 49. Rd8+ Kg7 50. Rd7+ Kh6 51. Rb7 Kg5 52. Rxh7 Rh6+ 53.
Rxh6 Kxh6 54. Kg3 Kg6 55. Kf3 Kf5 56. Ke3 Ke5 57. Kd3 Kd5 58. Kc3 a5 59. Kb3
Kc5 60. Ka3 Kc4 61. Kb2 b4 62. Kc2 a4 63. Kb2 Kd3 64. Ka1 Kc2 65. Ka2 b3+ 0-1

[Event "ODJM B 2018"]
[Site "Willingen GER"]
[Date "2018.05.25"]
[Round "8"]
[White "Becker, Lukas"]
[Black "Schilay, Maria"]
[Result "1/2-1/2"]
[Termination "normal"]
[Board "56"]
[WhiteElo "1540"]
[BlackElo "1354"]
[PlyCount "44"]
[BlackFideId "12942979"]
[EventCountry "GER"]
[EventRounds "9"]
[EventType "swiss"]
[EventDate "2018.05.19"]

1. e4 e5 2. Nf3 Nc6 3. d4 exd4 4. Nxd4 Bc5 5. Be3 Bb6 6. Nf5 Qf6 7. c3 Nge7 8.
Bd3 d6 9. Bxb6 axb6 10. Ng3 Be6 11. O-O O-O 12. a3 Ne5 13. Be2 Rad8 14. f4 Nc4
15. Bxc4 Bxc4 16. Rf2 Nc6 17. Nd2 Ba6 18. Nh5 Qg6 19. f5 Qg5 20. Nf4 Ne5 21.
Nf1 Ng4 22. Rf3 Ne5 1/2-1/2

[Event "ODJM B 2018"]
[Site "Willingen GER"]
[Date "2018.05.25"]
[Round "8"]
[White "Hierl, Johannes"]
[Black "Hallfarth, Luise"]
[Result "1/2-1/2"]
[Termination "normal"]
[Board "58"]
[WhiteElo "1355"]
[BlackElo "1425"]
[PlyCount "49"]
[WhiteFideId "16235096"]
[BlackFideId "16250222"]
[EventCountry "GER"]
[EventRounds "9"]
[EventType "swiss"]
[EventDate "2018.05.19"]

1. e4 c5 2. Nc3 Nc6 3. g3 g6 4. Bg2 Bg7 5. d3 Nf6 6. h3 e6 7. Be3 b6 8. Qd2 O-O
9. Bh6 Rb8 10. Bxg7 Kxg7 11. Nge2 Bb7 12. h4 d5 13. exd5 exd5 14. O-O-O d4 15.
Ne4 Nxe4 16. Bxe4 Nb4 17. Bxb7 Rxb7 18. a3 Nd5 19. Nf4 h5 20. Rhe1 Re7 21. Rxe7
Nxe7 22. Qe2 Qd6 23. Re1 Nd5 24. Nxd5 Qxd5 25. Qe5+ 1/2-1/2

[Event "ODJM B 2018"]
[Site "Willingen GER"]
[Date "2018.05.25"]
[Round "8"]
[White "Ramien, Hannah"]
[Black "Frank, Cillian"]
[Result "1-0"]
[Termination "normal"]
[Board "59"]
[WhiteElo "1274"]
[BlackElo "1339"]
[PlyCount "99"]
[WhiteFideId "16209982"]
[BlackFideId "16245202"]
[EventCountry "GER"]
[EventRounds "9"]
[EventType "swiss"]
[EventDate "2018.05.19"]

1. e4 c5 2. Nc3 a6 3. f4 b5 4. a3 Bb7 5. d3 e6 6. Nf3 b4 7. axb4 cxb4 8. Na4 a5
9. Be3 Bc6 10. Bb6 Qe7 11. Bc5 d6 12. Be3 Bxa4 13. Rxa4 Qd7 14. Ra1 d5 15. Be2
Be7 16. O-O Nf6 17. e5 Ng4 18. Bd4 Nc6 19. h3 Nxd4 20. Nxd4 Ne3 21. Qd2 Nxf1
22. Rxf1 Bc5 23. c3 bxc3 24. bxc3 Bxd4+ 25. cxd4 O-O 26. Kh2 a4 27. Ra1 Rfb8
28. Bd1 a3 29. Qa2 Rb2 30. Qxb2 Qa7 31. Qc3 a2 32. Bb3 Qb7 33. Rxa2 Rxa2 34.
Bxa2 Qa6 35. Kg3 g6 36. Qb3 Qa7 37. Qb2 Qa5 38. Kf2 Qa4 39. Bb3 Qb5 40. Qc3 Kg7
41. g4 h6 42. h4 h5 43. gxh5 gxh5 44. Kf3 Kg6 45. Qc2 Kf5 46. Ba4 Qb4 47. Qg2
Qe7 48. Qg5+ Qxg5 49. hxg5 h4 50. Be8 1-0

[Event "ODJM B 2018"]
[Site "Willingen GER"]
[Date "2018.05.25"]
[Round "8"]
[White "Färber, Sophie"]
[Black "Abou Wally, Adrian"]
[Result "1/2-1/2"]
[Termination "normal"]
[Board "60"]
[WhiteElo "1421"]
[BlackElo "1183"]
[PlyCount "63"]
[WhiteFideId "16239121"]
[BlackFideId "16245113"]
[EventCountry "GER"]
[EventRounds "9"]
[EventType "swiss"]
[EventDate "2018.05.19"]

1. e4 e5 2. Nf3 Nc6 3. Bc4 Bc5 4. c3 Nf6 5. d3 d6 6. Nbd2 O-O 7. O-O Be6 8. Bb3
Re8 9. Re1 h6 10. Nf1 Rb8 11. Bc2 d5 12. b4 Bb6 13. exd5 Nxd5 14. Bb2 a6 15.
Nxe5 Nxe5 16. Rxe5 Qf6 17. d4 c6 18. Qd3 g6 19. Nd2 Bc7 20. Ree1 Re7 21. Qf3
Qxf3 22. Nxf3 Rbe8 23. a3 b5 24. a4 Bg4 25. Rxe7 Rxe7 26. Re1 Bxf3 27. Rxe7
Nxe7 28. gxf3 Nd5 29. axb5 axb5 30. Be4 Bf4 31. Bxd5 cxd5 32. h4 1/2-1/2

[Event "ODJM B 2018"]
[Site "Willingen GER"]
[Date "2018.05.26"]
[Round "9"]
[White "Brockmeyer, Tobias"]
[Black "Brunner, Tobias"]
[Result "0-1"]
[Termination "normal"]
[Board "1"]
[WhiteElo "1688"]
[BlackElo "1919"]
[WhiteClock "00:01:35"]
[BlackClock "00:51:01"]
[PlyCount "84"]
[WhiteFideId "12982385"]
[BlackFideId "12949833"]
[EventCountry "GER"]
[EventRounds "9"]
[EventType "swiss"]
[EventDate "2018.05.19"]

1. d4 {[%clk 1:30:59]} 1... d5 {[%clk 1:30:55]} 2. c4 {[%clk 1:31:28]} 2... e6
{[%clk 1:31:18]} 3. Nc3 {[%clk 1:31:57]} 3... Nf6 {[%clk 1:31:43]} 4. cxd5 {
[%clk 1:32:25]} 4... exd5 {[%clk 1:32:06]} 5. Bg5 {[%clk 1:32:51]} 5... Be7 {
[%clk 1:32:01]} 6. e3 {[%clk 1:33:17]} 6... c6 {[%clk 1:32:01]} 7. Bd3 { [%clk
1:33:42]} 7... Nbd7 {[%clk 1:31:00]} 8. Qc2 {[%clk 1:34:02]} 8... Nf8 { [%clk
1:30:55]} 9. Nge2 {[%clk 1:32:28]} 9... Ne6 {[%clk 1:28:27]} 10. Bh4 { [%clk
1:31:31]} 10... h6 {[%clk 1:28:49]} 11. O-O {[%clk 1:26:13]} 11... Ng4 { [%clk
1:25:56]} 12. Bxe7 {[%clk 1:19:12]} 12... Qxe7 {[%clk 1:23:27]} 13. Qd2 { [%clk
0:53:47]} 13... Qh4 {[%clk 1:19:40]} 14. h3 {[%clk 0:53:46]} 14... Nf6 { [%clk
1:17:42]} 15. f3 {[%clk 0:47:24]} 15... Nh5 {[%clk 1:13:46]} 16. Qe1 { [%clk
0:40:30]} 16... Qxe1 {[%clk 1:08:45]} 17. Raxe1 {[%clk 0:40:50]} 17... O-O
{[%clk 1:07:02]} 18. g4 {[%clk 0:34:35]} 18... Nf6 {[%clk 1:06:20]} 19. Ng3
{[%clk 0:31:58]} 19... g6 {[%clk 1:06:06]} 20. Rf2 {[%clk 0:27:29]} 20... Ng5 {
[%clk 1:01:53]} 21. Kg2 {[%clk 0:27:42]} 21... Re8 {[%clk 1:01:58]} 22. h4 {
[%clk 0:23:11]} 22... Ne6 {[%clk 1:01:57]} 23. Rfe2 {[%clk 0:22:28]} 23... Bd7
{[%clk 1:01:06]} 24. Rh1 {[%clk 0:19:12]} 24... Re7 {[%clk 1:00:03]} 25. h5 {
[%clk 0:18:44]} 25... Kg7 {[%clk 0:59:17]} 26. Rb1 {[%clk 0:07:21]} 26... Rae8
{[%clk 0:59:02]} 27. b4 {[%clk 0:06:04]} 27... a6 {[%clk 0:58:03]} 28. a4 {
[%clk 0:05:57]} 28... Ng5 {[%clk 0:57:19]} 29. Rbe1 {[%clk 0:04:11]} 29... b5 {
[%clk 0:51:33]} 30. a5 {[%clk 0:04:27]} 30... Nxf3 {[%clk 0:50:32]} 31. Kxf3 {
[%clk 0:04:55]} 31... Bxg4+ {[%clk 0:50:53]} 32. Kf2 {[%clk 0:04:19]} 32...
Bxe2 {[%clk 0:51:18]} 33. Rxe2 {[%clk 0:04:32]} 33... Ng4+ {[%clk 0:50:30]} 34.
Kf3 {[%clk 0:02:45]} 34... Nxe3 {[%clk 0:50:37]} 35. Bb1 {[%clk 0:00:49]} 35...
Nc4 {[%clk 0:50:38]} 36. Rxe7 {[%clk 0:00:46]} 36... Rxe7 {[%clk 0:51:08]} 37.
Nge2 {[%clk 0:00:55]} 37... Re3+ {[%clk 0:50:39]} 38. Kf4 {[%clk 0:01:14]}
38... g5+ {[%clk 0:50:55]} 39. Kg4 {[%clk 0:01:22]} 39... Nd6 {[%clk 0:51:11]}
40. Bf5 {[%clk 0:01:03]} 40... Kf6 {[%clk 0:50:51]} 41. Bd7 {[%clk 0:01:25]}
41... Ke7 {[%clk 0:51:04]} 42. Bf5 {[%clk 0:01:35]} 42... f6 {[%clk 0:51:01]}
0-1

[Event "ODJM B 2018"]
[Site "Willingen GER"]
[Date "2018.05.26"]
[Round "9"]
[White "Lehmann, Tim"]
[Black "Pauls, Fynn"]
[Result "0-1"]
[Termination "normal"]
[Board "2"]
[WhiteElo "1781"]
[BlackElo "1789"]
[WhiteClock "00:58:13"]
[BlackClock "00:24:59"]
[PlyCount "92"]
[WhiteFideId "12979171"]
[BlackFideId "16213149"]
[EventCountry "GER"]
[EventRounds "9"]
[EventType "swiss"]
[EventDate "2018.05.19"]

1. d4 {[%clk 1:30:57]} 1... Nf6 {[%clk 1:31:00]} 2. Bf4 {[%clk 1:31:26]} 2...
c5 {[%clk 1:31:20]} 3. d5 {[%clk 1:31:49]} 3... d6 {[%clk 1:31:44]} 4. Nc3 {
[%clk 1:31:28]} 4... g6 {[%clk 1:31:55]} 5. h3 {[%clk 1:28:54]} 5... a6 { [%clk
1:31:18]} 6. a4 {[%clk 1:27:58]} 6... Nbd7 {[%clk 1:26:59]} 7. Nf3 { [%clk
1:25:09]} 7... Bg7 {[%clk 1:26:00]} 8. e4 {[%clk 1:21:17]} 8... Qa5 { [%clk
1:24:11]} 9. Nd2 {[%clk 1:11:56]} 9... Nh5 {[%clk 1:13:00]} 10. Nc4 { [%clk
1:11:14]} 10... Bxc3+ {[%clk 1:03:17]} 11. bxc3 {[%clk 1:11:41]} 11... Qxc3+
{[%clk 1:03:18]} 12. Bd2 {[%clk 1:11:58]} 12... Qd4 {[%clk 1:02:42]} 13. Ra3
{[%clk 1:08:51]} 13... Qxe4+ {[%clk 0:49:11]} 14. Re3 {[%clk 1:09:08]} 14...
Qxd5 {[%clk 0:49:33]} 15. Bc3 {[%clk 1:04:56]} 15... Qxd1+ { [%clk 0:48:12]}
16. Kxd1 {[%clk 1:03:53]} 16... Rf8 {[%clk 0:40:07]} 17. Nxd6+ {[%clk 1:02:23]}
17... Kd8 {[%clk 0:40:36]} 18. Nc4 {[%clk 1:02:07]} 18... b6 { [%clk 0:35:05]}
19. Bd3 {[%clk 0:57:15]} 19... Bb7 {[%clk 0:31:26]} 20. Rhe1 { [%clk 0:56:11]}
20... e6 {[%clk 0:30:16]} 21. g3 {[%clk 0:52:15]} 21... Nhf6 { [%clk 0:25:14]}
22. Bxf6+ {[%clk 0:51:06]} 22... Nxf6 {[%clk 0:25:22]} 23. Nxb6 {[%clk
0:51:26]} 23... Rb8 {[%clk 0:18:14]} 24. a5 {[%clk 0:50:00]} 24... Nd5 { [%clk
0:18:12]} 25. Nxd5 {[%clk 0:49:11]} 25... Bxd5 26. Bxa6 26... Ra8 { [%clk
0:18:06]} 27. c4 {[%clk 0:49:17]} 27... Bc6 {[%clk 0:11:48]} 28. Bb5 { [%clk
0:49:32]} 28... Bxb5 {[%clk 0:12:14]} 29. cxb5 {[%clk 0:49:56]} 29... Rxa5 30.
Rb3 {[%clk 0:50:06]} 30... Kc7 {[%clk 0:13:03]} 31. Re5 { [%clk 0:45:32]} 31...
Rd8+ {[%clk 0:11:06]} 32. Ke2 {[%clk 0:42:46]} 32... Kb6 {[%clk 0:11:29]} 33.
Ree3 {[%clk 0:38:35]} 33... Rd4 {[%clk 0:09:24]} 34. Red3 {[%clk 0:37:16]}
34... Rxb5 {[%clk 0:04:29]} 35. Ra3 {[%clk 0:33:22]} 35... Rb2+ {[%clk
0:04:31]} 36. Ke3 {[%clk 0:32:59]} 36... Rxd3+ {[%clk 0:04:54]} 37. Rxd3 {[%clk
0:31:39]} 37... c4 {[%clk 0:02:50]} 38. Rd8 {[%clk 0:30:57]} 38... Kc5 {[%clk
0:02:48]} 39. Rc8+ {[%clk 0:31:03]} 39... Kb4 {[%clk 0:02:44]} 40. Rb8+ Kc3 41.
Ra8 {[%clk 0:31:13]} 41... Kc2 {[%clk 0:25:57]} 42. Kd4 { [%clk 0:59:54]} 42...
c3 43. Ra3 43... Rb3 {[%clk 0:25:20]} 44. Ra2+ { [%clk 0:59:01]} 44... Kb1
{[%clk 0:25:10]} 45. Ra8 {[%clk 0:57:48]} 45... c2 { [%clk 0:25:03]} 46. Kc4
{[%clk 0:58:13]} 46... Rb2 {[%clk 0:24:59]} 0-1

[Event "ODJM B 2018"]
[Site "Willingen GER"]
[Date "2018.05.26"]
[Round "9"]
[White "Rothenberg, Jannik"]
[Black "Oberhofer, Marie"]
[Result "1-0"]
[Termination "normal"]
[Board "3"]
[WhiteElo "1678"]
[BlackElo "1751"]
[WhiteClock "00:09:27"]
[BlackClock "00:04:25"]
[PlyCount "65"]
[WhiteFideId "16204743"]
[BlackFideId "12938165"]
[EventCountry "GER"]
[EventRounds "9"]
[EventType "swiss"]
[EventDate "2018.05.19"]

1. d4 {[%clk 1:30:52]} 1... Nf6 {[%clk 1:30:55]} 2. c4 {[%clk 1:31:12]} 2... e6
{[%clk 1:31:20]} 3. Nf3 {[%clk 1:31:33]} 3... c5 {[%clk 1:31:36]} 4. d5 { [%clk
1:30:57]} 4... exd5 {[%clk 1:31:59]} 5. cxd5 {[%clk 1:31:22]} 5... d6 { [%clk
1:32:24]} 6. Nc3 {[%clk 1:31:21]} 6... g6 {[%clk 1:32:34]} 7. Nd2 { [%clk
1:31:15]} 7... Bg7 {[%clk 1:31:59]} 8. Nc4 {[%clk 1:31:27]} 8... O-O { [%clk
1:30:30]} 9. Bf4 {[%clk 1:31:10]} 9... Ng4 {[%clk 1:25:49]} 10. Qd2 { [%clk
1:14:30]} 10... Ne5 {[%clk 1:21:07]} 11. e3 {[%clk 1:08:26]} 11... a6 { [%clk
1:12:34]} 12. a4 {[%clk 1:05:06]} 12... f5 {[%clk 1:05:03]} 13. a5 { [%clk
0:59:55]} 13... Nxc4 {[%clk 1:02:51]} 14. Bxc4 {[%clk 1:00:03]} 14... Qe7
{[%clk 1:01:02]} 15. O-O {[%clk 0:56:39]} 15... Nd7 {[%clk 0:59:40]} 16. Na4 {
[%clk 0:49:31]} 16... Rb8 {[%clk 0:54:47]} 17. Rab1 {[%clk 0:43:52]} 17... Ne5
{[%clk 0:49:58]} 18. Be2 {[%clk 0:39:12]} 18... Bd7 {[%clk 0:47:21]} 19. Nb6 {
[%clk 0:37:31]} 19... Bb5 {[%clk 0:45:50]} 20. Rfc1 {[%clk 0:34:16]} 20... g5 {
[%clk 0:39:11]} 21. Bxe5 {[%clk 0:33:40]} 21... Bxe5 {[%clk 0:39:15]} 22. b4 {
[%clk 0:33:05]} 22... Rf6 {[%clk 0:31:06]} 23. Bxb5 {[%clk 0:29:21]} 23... axb5
{[%clk 0:31:27]} 24. bxc5 {[%clk 0:28:10]} 24... dxc5 {[%clk 0:30:43]} 25. g3 {
[%clk 0:23:34]} 25... f4 {[%clk 0:29:45]} 26. exf4 {[%clk 0:22:26]} 26... gxf4
{[%clk 0:29:31]} 27. Re1 {[%clk 0:21:43]} 27... fxg3 {[%clk 0:20:34]} 28. Qg5+
{[%clk 0:17:46]} 28... Kh8 {[%clk 0:16:04]} 29. hxg3 {[%clk 0:14:16]} 29... Re8
{[%clk 0:13:07]} 30. Re2 {[%clk 0:11:44]} 30... Rf7 {[%clk 0:10:30]} 31. Qh5 {
[%clk 0:10:02]} 31... Qf6 {[%clk 0:09:29]} 32. Nd7 {[%clk 0:09:27]} 32... Qg7 {
[%clk 0:04:25]} 33. Nxe5 1-0

[Event "ODJM B 2018"]
[Site "Willingen GER"]
[Date "2018.05.26"]
[Round "9"]
[White "Udaykumar, Arunn Mark"]
[Black "Breß, Aaron"]
[Result "0-1"]
[Termination "normal"]
[Board "5"]
[WhiteElo "1765"]
[BlackElo "1701"]
[WhiteClock "00:03:15"]
[BlackClock "00:02:40"]
[PlyCount "74"]
[WhiteFideId "12965456"]
[BlackFideId "12996432"]
[EventCountry "GER"]
[EventRounds "9"]
[EventType "swiss"]
[EventDate "2018.05.19"]

1. e4 {[%clk 1:30:54]} 1... c5 {[%clk 1:30:48]} 2. Nf3 {[%clk 1:31:17]} 2... e6
{[%clk 1:30:59]} 3. d4 {[%clk 1:31:32]} 3... cxd4 {[%clk 1:31:13]} 4. Nxd4 {
[%clk 1:31:57]} 4... a6 {[%clk 1:31:29]} 5. Nc3 {[%clk 1:31:51]} 5... Qc7 {
[%clk 1:31:51]} 6. Bd3 {[%clk 1:30:48]} 6... Nf6 {[%clk 1:28:43]} 7. O-O {
[%clk 1:30:32]} 7... b5 {[%clk 1:23:27]} 8. Kh1 {[%clk 1:28:36]} 8... Bb7 {
[%clk 1:18:18]} 9. Qe2 {[%clk 1:27:03]} 9... d6 {[%clk 1:01:16]} 10. a3 { [%clk
1:24:29]} 10... Nbd7 {[%clk 0:57:25]} 11. Bd2 {[%clk 1:21:15]} 11... Be7 {[%clk
0:56:24]} 12. f4 {[%clk 1:18:10]} 12... O-O {[%clk 0:42:04]} 13. Rae1 { [%clk
1:14:14]} 13... Nc5 {[%clk 0:38:42]} 14. e5 {[%clk 1:10:55]} 14... Nd5 { [%clk
0:27:59]} 15. Bxh7+ {[%clk 0:52:55]} 15... Kxh7 {[%clk 0:28:09]} 16. Qh5+
{[%clk 0:53:19]} 16... Kg8 {[%clk 0:28:32]} 17. Rf3 {[%clk 0:53:32]} 17... Nf6
{[%clk 0:13:13]} 18. exf6 {[%clk 0:50:58]} 18... Bxf3 {[%clk 0:13:33]} 19. Nxf3
{[%clk 0:50:16]} 19... Bxf6 {[%clk 0:13:57]} 20. Ng5 {[%clk 0:49:55]} 20...
Bxg5 {[%clk 0:14:00]} 21. fxg5 {[%clk 0:49:20]} 21... d5 {[%clk 0:07:29]} 22.
Rf1 {[%clk 0:39:09]} 22... g6 {[%clk 0:02:11]} 23. Qh6 {[%clk 0:38:33]} 23...
Qe5 {[%clk 0:02:15]} 24. Qh4 {[%clk 0:33:03]} 24... Rac8 {[%clk 0:01:10]} 25.
Rf3 {[%clk 0:21:57]} 25... Qg7 {[%clk 0:00:56]} 26. Nxd5 {[%clk 0:09:37]} 26...
exd5 {[%clk 0:01:23]} 27. Bc3 {[%clk 0:09:58]} 27... d4 {[%clk 0:00:49]} 28.
Bxd4 {[%clk 0:10:03]} 28... Rcd8 {[%clk 0:01:02]} 29. Bxc5 {[%clk 0:08:09]}
29... Rd1+ {[%clk 0:01:02]} 30. Bg1 {[%clk 0:08:35]} 30... Re8 {[%clk 0:00:57]}
31. Qg3 {[%clk 0:06:02]} 31... Ree1 {[%clk 0:01:06]} 32. Qb8+ {[%clk 0:05:04]}
32... Qf8 {[%clk 0:01:29]} 33. Qa7 {[%clk 0:01:53]} 33... Rxg1+ {[%clk 0:01:48]
} 34. Qxg1 {[%clk 0:02:17]} 34... Rxg1+ {[%clk 0:02:08]} 35. Kxg1 { [%clk
0:02:45]} 35... Qc5+ {[%clk 0:02:29]} 36. Kf1 {[%clk 0:03:04]} 36... Qxc2
{[%clk 0:02:40]} 37. Rf2 {[%clk 0:03:15]} 37... Qd1# 0-1